Complete the animated movie title p6 - Statistics

General Stats
  • This quiz has been taken 47 times
  • The average score is 11 of 15
Answer Stats
Hint Answer % Correct
The _____ Birds Movie Angry
94%
Escape From Planet _____ Earth
85%
The ________ Movie Simpsons
85%
Spirited ____ Away
82%
Surf’s __ Up
82%
An ________ Tail American
79%
The Iron _____ Giant
79%
______ 51 Planet
76%
The ______ World of Arietty Secret
76%
_____ Rosso Porco
74%
Thunder and the House of _____ Magic
71%
When Marnie was _____ There
68%
FernGully: The ____ Rainforest Last
62%
________ Mononoke Princess
53%
A Town Called _____ Panic
38%
No matching quizzes found
Score Distribution
Percent of People with Each Score
Percentile by Number Answered
Your Score History
You have not taken this quiz